Over the Garden Wall - Potatoes and Molasses lyrics - Statistics

General Stats
  • This quiz has been taken 42 times
  • The average score is 69 of 118
Answer Stats
Lyrics % Correct
Potatoes
100%
A
97%
And
97%
Molasses
97%
You
97%
If
87%
When
87%
Oh
84%
So
81%
Want
77%
The
74%
Some
71%
Ask
68%
Your
68%
Just
65%
Candy
61%
On
61%
Like
58%
Us
58%
Rocks
55%
Algebra
52%
Puppies
52%
To
52%
Glasses
48%
Mouth
48%
Much
48%
Only
48%
See
48%
Socks
48%
Than
48%
They
48%
Can't
45%
Classes
45%
Is
45%
Start
45%
Stomach
45%
They're
45%
Cream
42%
From
42%
Put
42%
Soft
42%
Sweeter
42%
Warm
42%
With
42%
Brain
39%
Filled
39%
It's
39%
Keep
39%
Mumblin'
39%
Starts
39%
Grumblin'
35%
One
35%
Thing
35%
Crumblin'
32%
Enough
32%
Stars
32%
There's
32%
For
29%
Know
29%
Seein'
29%
You've
29%
Eaten
26%
'Em
23%
Fisherman's
23%
Left
23%
List
23%
Task
23%
Shiny
19%
Barge
16%
Large
16%
Make
16%
Short
16%
Shout
16%
That's
16%
Everyone
13%
Stout
13%
No matching quizzes found
Score Distribution
Percent of People with Each Score
Percentile by Number Answered
Your Score History
You have not taken this quiz